Online
Catalog

Química : (Record no. 41826)

MARC details
000 -CABECERA
campo de control de longitud fija 00822nam a2200253 a 4500
001 - NÚMERO DE CONTROL
campo de control 000042337
003 - IDENTIFICADOR DEL NÚMERO DE CONTROL
campo de control OSt
005 - FECHA Y HORA DE LA ÚLTIMA TRANSACCIÓN
campo de control 20201125081815.0
008 - DATOS DE LONGITUD FIJA--INFORMACIÓN GENERAL
campo de control de longitud fija 100519s2013 dr a r 000 0 spa d
020 ## - NÚMERO INTERNACIONAL ESTÁNDAR DEL LIBRO
ISBN cancelado o inválido 9789945472288
040 ## - FUENTE DE LA CATALOGACIÓN
Centro catalogador/agencia de origen DO-SdBNP
Lengua de catalogación spa
Centro/agencia transcriptor BNPHU
082 ## - NÚMERO DE LA CLASIFICACIÓN DECIMAL DEWEY
Número de clasificación 540.7
Número de documento/Ítem M539q, 2013
100 1# - ENTRADA PRINCIPAL--NOMBRE DE PERSONA
Nombre de persona Mendoza Cid, Carmen Leticiade
9 (RLIN) 69405
245 10 - MENCIÓN DE TÍTULO
Título Química :
Resto del título prácticas de laboratorio /
Mención de responsabilidad, etc. Carmen Leticia Mendoza de Cid.
250 ## - MENCIÓN DE EDICIÓN
Mención de edición 2a ed.
260 ## - PUBLICACIÓN, DISTRIBUCIÓN, ETC.
Lugar de publicación, distribución, etc. Santo Domingo :
Nombre del editor, distribuidor, etc. INTEC,
Fecha de publicación, distribución, etc. 2013.
300 ## - DESCRIPCIÓN FÍSICA
Extensión 66 p. :
Otras características físicas il. ;
Dimensiones 28 cm.
504 ## - NOTA DE BIBLIOGRAFÍA, ETC.
Nota de bibliografía, etc. Bibliografía : p. 66
590 ## - NOTA LOCAL (RLIN)
Nota local Inventariado, 2020/BT
650 #4 - PUNTO DE ACCESO ADICIONAL DE MATERIA--TÉRMINO DE MATERIA
Término de materia o nombre geográfico como elemento de entrada Química analística
Subdivisión de forma Problemas, ejercicios, etc.
9 (RLIN) 77403
650 #4 - PUNTO DE ACCESO ADICIONAL DE MATERIA--TÉRMINO DE MATERIA
Término de materia o nombre geográfico como elemento de entrada Química
Subdivisión de forma Problemas, ejercicios, etc.
9 (RLIN) 77315
650 #4 - PUNTO DE ACCESO ADICIONAL DE MATERIA--TÉRMINO DE MATERIA
Término de materia o nombre geográfico como elemento de entrada Química analítica
Subdivisión de forma Experimentos
9 (RLIN) 77404
942 ## - ELEMENTOS DE PUNTO DE ACCESO ADICIONAL (KOHA)
Fuente del sistema de clasificación o colocación Dewey Decimal Classification
Tipo de ítem Koha Libro
Holdings
Estado de retiro Estado de pérdida Fuente del sistema de clasificación o colocación Restricciones de uso No para préstamo Código de colección Localización permanente Ubicación/localización actual Ubicación en estantería Fecha de adquisición Fuente de adquisición Número de inventario Total de préstamos Signatura topográfica completa Código de barras Fecha visto por última vez Número de copia Precio válido a partir de Tipo de ítem Koha
    Dewey Decimal Classification Excluido de préstamo Excluido de préstamo Dominicana de Servicio Biblioteca Nacional Pedro Henríquez Ureña General Depósito 26.11.2013 Deposito Legal   BNPHU DS M539q, 2013 42337-30 25.06.2020 e.3 25.06.2020 Libro y Folleto Colección Dominicana de Servicio
          Dominicana de Servicio General General Depósito 30.04.2019   LF1   xxxx M539, 2013 42337-40 25.06.2020 e.4 25.06.2020 Libro y Folleto Colección Dominicana de Servicio
          Dominicana de Servicio General General Depósito 30.04.2019   LF1   xxxx M539, 2013 42337-50 25.06.2020 e.5 25.06.2020 Libro y Folleto Colección Dominicana de Servicio
    Dewey Decimal Classification Excluido de préstamo Excluido de préstamo Patrimonio Dominicano Biblioteca Nacional Pedro Henríquez Ureña Patrimonio Dominicano Depósito 26.11.2013 Deposito Legal   BNPHU PD M539q, 2013 42337-10 25.06.2020   25.06.2020 Libro y Folleto Colección Patrimonio Dominicano
    Dewey Decimal Classification Excluido de préstamo Préstamo restrigido Patrimonio Dominicano Biblioteca Nacional Pedro Henríquez Ureña Patrimonio Dominicano Depósito 26.11.2013 Deposito Legal   BNPHU PD M539q 2013 42337-20 25.06.2020 e.2 25.06.2020 Libro y Folleto Colección Patrimonio Dominicano

Powered by Koha